| 000 | 00499cam a2200169 4500 | ||
|---|---|---|---|
| 001 | D13849 | ||
| 008 | 090401t1939 xxu||||| |||| 00| 0 eng d | ||
| 035 | _a(Sirsi) u12028 | ||
| 041 | _aeng | ||
| 100 | _aScott, Wm.T | ||
| 245 | _aInventory work and catalogues. A concise guide for the Compiler of Auction catalogues of furniture, etc. and inventories for various purposes | ||
| 260 |
_aLondon _bEstates Gazette _c1939 |
||
| 350 | _a0 | ||
| 520 | _aShelf 134 | ||
| 942 | _n0 | ||
| 948 | _c04/03/1997 | ||
| 999 |
_c86942 _d86942 |
||